|
|
|
|
| LEADER |
00000nab a2200000 ar4500 |
| 001 |
vtls008963792 |
| 003 |
SK-MaSNL |
| 005 |
20260303070756.0 |
| 008 |
070413c2007 xo |||||||||||000 b|slo |
| 015 |
|
|
|a SNBRB2007/04
|2 snkbucl
|
| 038 |
|
|
|a SNKBUCL
|
| 040 |
|
|
|a SNKBUCL
|b slo
|c SNKBUCL
|e AACR2
|
| 041 |
0 |
|
|a slo
|
| 044 |
|
|
|a xo
|c SK
|
| 080 |
|
|
|a 639.1+630:061.43
|2 1997
|
| 080 |
|
|
|a 630+639.1:061.43
|2 1997
|
| 080 |
|
|
|a 672.71:061.43
|2 1997
|
| 100 |
1 |
|
|a Drábek, Alojz
|4 aut
|9 26329
|
| 245 |
1 |
0 |
|a Košice: poučenie, súťaž a pestrá ponuka
|c Alojz Drábek
|
| 300 |
|
|
|b Fotogr.
|
| 611 |
2 |
7 |
|a Poľovníctvo - Lesníctvo
|n (3. :
|d 2006 :
|c Košice, Slovensko)
|2 snkbucl
|9 1068662
|
| 611 |
2 |
7 |
|a Košická výstava nožov a chladných zbraní
|n (2. :
|d 2006 :
|c Košice, Slovensko)
|2 snkbucl
|9 100377
|
| 650 |
0 |
7 |
|a poľovníctvo
|2 snkbucl
|9 2774
|
| 650 |
0 |
7 |
|a lesníctvo
|2 snkbucl
|9 1255
|
| 650 |
0 |
7 |
|a nože
|2 snkbucl
|9 26364
|
| 650 |
0 |
7 |
|a chladné zbrane
|2 snkbucl
|9 28988
|
| 651 |
|
7 |
|a Košice (Slovensko)
|2 snkbucl
|9 18694
|
| 773 |
0 |
|
|t Naše poľovníctvo
|g Roč. IV, č. 1 (2007), s. 28
|x 1336-5568
|
| 852 |
|
|
|a SNK
|b KIS3GCP
|
| 958 |
|
|
|a SK
|
| 999 |
|
|
|c 1756879
|d 1758809
|